Melting box : Piemonte 2007 : fiera internazionale dei diritti e delle pari opportunità per tutti, Torino 22-24 ottobre : catalogo generale e programma.

Guardat en:
Dades bibliogràfiques
Format: Llibre
Idioma:italià
Publicat: [Torino] : Regione Piemonte, [2007]
Etiquetes: Afegir etiqueta
Sense etiquetes, Sigues el primer a etiquetar aquest registre!

MARC

LEADER 00000nam a22000007i 4500
001 IT\ICCU\UBO\3397927
003 ItRI
005 20260304224800.0
008 080320s2007 it |||||| ||||| |||||c
040 |b ita  |c GP 
041 7 |a ita  |2 ISO-639-2 
245 0 0 |a Melting box :  |b Piemonte 2007 : fiera internazionale dei diritti e delle pari opportunità per tutti, Torino 22-24 ottobre : catalogo generale e programma. 
260 |a [Torino] :  |b Regione Piemonte,  |c [2007] 
300 |a 142 p. ;  |c 21x21 cm. 
942 |2 ddc  |c BK 
952 |0 0  |1 0  |2 ddc  |4 0  |6 323_000000000000000_REG  |7 1  |9 1161  |a RM  |b RM  |d 2024-04-03  |l 0  |o 323 REG  |p 702  |r 2024-04-03 19:01:51  |w 2024-04-03  |y BK 
952 |0 0  |1 0  |4 0  |6 DOC_341_481000000000000_MEL  |7 0  |9 22283  |a BO  |b BO  |d 2026-01-15  |i 11883  |l 0  |o DOC 341.481 MEL  |p BO11883  |r 2026-01-15 23:22:24  |w 2026-01-15  |x [Sebina 7] [1 v.]  |y BK  |z 1 v. 
999 |c 1065  |d 1065